[Event "LSS ZL-2023-0-02384"]
[Site "LSS email"]
[Date "2023.03.23"]
[Round "?"]
[White "Jurik, Jimmy"]
[Black "Reede, Arvo"]
[Result "1/2-1/2"]
[WhiteElo "1204"]
[BlackElo "1362"]
[PlyCount "102"]
[EventDate "2022.12.19"]
[EventType "match (corr)"]
[EventRounds "2"]
[EventCountry "GER"]
[SourceTitle "Corr 2024"]
[Source "ChessBase"]
[SourceDate "2023.10.19"]
[SourceVersion "1"]
[SourceVersionDate "2023.10.19"]
[SourceQuality "1"]

1. c4 e5 2. Nc3 Nf6 3. g3 Be7 4. Bg2 d6 5. e3 0-0 6. Nge2 c6 7. 0-0 Qb6 8. d4 Na6 9. b3 Rd8 10. Ba3 Be6 11. Qc1 Re8 12. Rd1 Rad8 13. Rd2 Bf5 14. Qb2 Nb4 15. Rad1 Qa5 16. Na4 exd4 17. Nxd4 Bg4 18. Rc1 d5 19. f3 dxc4 20. fxg4 Nd3 21. Rxd3 Bxa3 22. Qxa3 cxd3 23. b4 Qe5 24. Qxd3 Nxg4 25. Nc5 Qxe3+ 26. Qxe3 Nxe3 27. Nf3 Nxg2 28. Kxg2 Re2+ 29. Kf1 Re7 30. Kf2 f6 31. Rc4 Rd1 32. g4 Ra1 33. Rc2 g6 34. h4 Rb1 35. a3 Kf7 36. Rc3 Rb2+ 37. Kg3 Rbe2 38. Nd4 Rd2 39. Nf3 Rd6 40. h5 Rd5 41. hxg6+ hxg6 42. Kf2 g5 43. Nb3 f5 44. gxf5 Rxf5 45. Kg3 Kg6 46. Na5 Kh5 47. Nc4 Rf4 48. Ncd2 c5 49. Rxc5 Rg4+ 50. Kf2 b6 51. Rd5 Rc7 1/2-1/2

[Event "OP-2022-0-05342"]
[Site "LSS email"]
[Date "2022.10.16"]
[Round "?"]
[White "Lorient, Carbec"]
[Black "Reede, Arvo"]
[Result "1-0"]
[WhiteElo "800"]
[BlackElo "1452"]
[PlyCount "57"]
[EventDate "2022.10.10"]
[EventType "tourn (corr)"]
[EventRounds "4"]
[EventCountry "GER"]
[SourceTitle "Corr 2024"]
[Source "ChessBase"]
[SourceDate "2023.10.19"]
[SourceVersion "1"]
[SourceVersionDate "2023.10.19"]
[SourceQuality "1"]

1. d4 Nf6 2. c4 e6 3. Nf3 d5 4. Nc3 c5 5. cxd5 cxd4 6. Qxd4 exd5 7. e4 Nc6 8. Bb5 dxe4 9. Qxd8+ Kxd8 10. Ng5 Be6 11. Nxe6+ fxe6 12. Bg5 Bb4 13. 0-0-0+ Ke7 14. Bxc6 bxc6 15. Nxe4 h6 16. Nxf6 gxf6 17. Be3 a5 18. a3 Bd6 19. Rd2 a4 20. Rhd1 Rad8 21. Rxd6 Rxd6 22. Bc5 Rhd8 23. Kc2 e5 24. Rxd6 Rxd6 25. g4 Ke6 26. Bxd6 Kxd6 27. b3 axb3+ 28. Kxb3 Kc5 29. a4 1-0

[Event "RD-2022-0-00170"]
[Site "LSS email"]
[Date "2022.09.05"]
[Round "?"]
[White "Reede, Arvo"]
[Black "Holm, Gustav"]
[Result "0-1"]
[WhiteElo "1452"]
[BlackElo "1489"]
[PlyCount "42"]
[EventDate "2021.09.18"]
[EventType "tourn (corr)"]
[EventRounds "6"]
[EventCountry "GER"]
[SourceTitle "Corr 2024"]
[Source "ChessBase"]
[SourceDate "2023.10.19"]
[SourceVersion "1"]
[SourceVersionDate "2023.10.19"]
[SourceQuality "1"]

1. f4 d5 2. Nf3 Bg4 3. Ne5 Bf5 4. Nf3 e6 5. e3 Nf6 6. Be2 Bd6 7. Nh4 Nc6 8. Nxf5 exf5 9. c4 d4 10. 0-0 0-0 11. Na3 Bc5 12. Bf3 Qe7 13. Kh1 Rad8 14. Qb3 Ne4 15. Nb5 Nb4 16. exd4 Nf2+ 17. Kg1 Rxd4 18. Nxd4 Bxd4 19. g3 Nbd3 20. h4 Nxf4 21. gxf4 Qxh4 0-1

[Event "RD-2022-0-00169"]
[Site "LSS email"]
[Date "2022.05.04"]
[Round "?"]
[White "Reede, Arvo"]
[Black "Zhu, Gnail"]
[Result "0-1"]
[WhiteElo "1476"]
[BlackElo "1456"]
[PlyCount "70"]
[EventDate "2021.04.21"]
[EventType "tourn (corr)"]
[EventRounds "6"]
[EventCountry "GER"]
[SourceTitle "Corr 2024"]
[Source "ChessBase"]
[SourceDate "2023.10.19"]
[SourceVersion "1"]
[SourceVersionDate "2023.10.19"]
[SourceQuality "1"]

1. c4 e5 2. Nc3 Nf6 3. e4 Bc5 4. d3 d6 5. Be2 0-0 6. Nf3 Re8 7. 0-0 Nc6 8. Be3 Bg4 9. Nd5 h6 10. Ne1 Nxd5 11. cxd5 Bxe2 12. Qxe2 Ne7 13. Bxc5 dxc5 14. Nc2 c6 15. dxc6 Nxc6 16. Ne3 Re6 17. Rac1 b6 18. Nd5 Rd6 19. f4 exf4 20. Rxf4 Ne7 21. Nxe7+ Qxe7 22. Rcf1 f6 23. R4f3 Rad8 24. Rc1 Qe5 25. Rcf1 c4 26. Rd1 cxd3 27. Rfxd3 Qc5+ 28. Kf1 Rxd3 29. Rxd3 Rxd3 30. Qxd3 Qc1+ 31. Kf2 Qxb2+ 32. Qe2 Qxe2+ 33. Kxe2 Kf7 34. Kd3 Ke6 35. Kd4 Kd6 0-1

[Event "LSS ZL-2022-0-02354"]
[Site "LSS email"]
[Date "2022.02.15"]
[Round "?"]
[White "Reede, Arvo"]
[Black "Gronbech, Torsten"]
[Result "1-0"]
[WhiteElo "1485"]
[BlackElo "1042"]
[PlyCount "53"]
[EventDate "2022.02.01"]
[EventType "match (corr)"]
[EventRounds "2"]
[EventCountry "GER"]
[SourceTitle "Corr 2024"]
[Source "ChessBase"]
[SourceDate "2023.10.19"]
[SourceVersion "1"]
[SourceVersionDate "2023.10.19"]
[SourceQuality "1"]

1. e4 g6 2. d4 e6 3. Nf3 Bg7 4. c4 c5 5. d5 Nf6 6. Bd3 d6 7. 0-0 0-0 8. Nc3 Nc6 9. Bg5 h6 10. Bxf6 Bxf6 11. dxc6 bxc6 12. e5 dxe5 13. Qc2 Ba6 14. Rfe1 Rb8 15. Rad1 Qc7 16. b3 Rfd8 17. Ne4 Be7 18. Ng3 f6 19. Bxg6 f5 20. Rxd8+ Rxd8 21. Nxe5 Bd6 22. Bf7+ Kf8 23. Nxc6 Qxc6 24. Bxe6 Bf4 25. Qxf5+ Ke7 26. Qf7+ Kd6 27. Nf5# 1-0

[Event "SD-2021-0-00322"]
[Site "LSS email"]
[Date "2021.10.29"]
[Round "?"]
[White "Reede, Arvo"]
[Black "Borchardt, Petra"]
[Result "1-0"]
[WhiteElo "1513"]
[BlackElo "1476"]
[PlyCount "55"]
[EventDate "2021.03.24"]
[EventType "tourn (corr)"]
[EventRounds "6"]
[EventCountry "GER"]
[SourceTitle "Corr 2024"]
[Source "ChessBase"]
[SourceDate "2023.10.19"]
[SourceVersion "1"]
[SourceVersionDate "2023.10.19"]
[SourceQuality "1"]

1. d4 e6 2. c4 Nf6 3. Nf3 b6 4. e3 Bb7 5. Be2 d5 6. Nc3 Nbd7 7. 0-0 a6 8. Qb3 dxc4 9. Qxc4 b5 10. Qd3 c5 11. Rd1 Qc7 12. Bd2 g5 13. Rac1 c4 14. Qc2 g4 15. Ne1 Bd6 16. Kf1 Bxh2 17. a4 b4 18. Nb1 Bd6 19. Bxc4 h5 20. Qb3 Qb8 21. Nd3 Be4 22. Bxe6 fxe6 23. Qxe6+ Be7 24. Ne5 Bd5 25. Qf5 Be4 26. Qe6 b3 27. Qf7+ Kd8 28. Ba5+ 1-0

[Event "SD-2021-0-00322"]
[Site "LSS email"]
[Date "2021.10.29"]
[Round "?"]
[White "Reede, Arvo"]
[Black "Laduke, Matt"]
[Result "0-1"]
[WhiteElo "1513"]
[BlackElo "1591"]
[PlyCount "52"]
[EventDate "2021.03.24"]
[EventType "tourn (corr)"]
[EventRounds "6"]
[EventCountry "GER"]
[SourceTitle "Corr 2024"]
[Source "ChessBase"]
[SourceDate "2023.10.19"]
[SourceVersion "1"]
[SourceVersionDate "2023.10.19"]
[SourceQuality "1"]

1. d4 Nf6 2. c4 e6 3. Nc3 Bb4 4. e3 0-0 5. Nf3 b6 6. Bd2 d5 7. Be2 Bb7 8. cxd5 exd5 9. Qc2 a6 10. 0-0 Bd6 11. Bd3 Re8 12. Ng5 h6 13. Bh7+ Kf8 14. Nf3 c5 15. Rac1 Nc6 16. dxc5 bxc5 17. Na4 Ne4 18. Be1 g6 19. Qb1 Kg7 20. Bxg6 fxg6 21. Nd2 Nxd2 22. Bxd2 Ne5 23. Nxc5 Nf3+ 24. gxf3 Qg5+ 25. Kh1 Qh5 26. Nxb7 Qxh2# 0-1

[Event "LSS No Engine Cup 222 Preliminary 0"]
[Site "LSS email"]
[Date "2021.10.23"]
[Round "?"]
[White "Reede, Arvo"]
[Black "Bonoldi, Fabio"]
[Result "0-1"]
[WhiteElo "1761"]
[BlackElo "2014"]
[PlyCount "58"]
[EventDate "2021.10.23"]
[EventType "tourn (corr)"]
[EventRounds "6"]
[EventCountry "GER"]
[SourceTitle "Corr 2024"]
[Source "ChessBase"]
[SourceDate "2023.10.19"]
[SourceVersion "1"]
[SourceVersionDate "2023.10.19"]
[SourceQuality "1"]

1. d4 g6 2. c4 Bg7 3. Nc3 d6 4. Nf3 Nd7 5. e4 e5 6. d5 Ne7 7. b4 0-0 8. Bb2 h6 9. Be2 f5 10. 0-0 Nf6 11. exf5 gxf5 12. Nd2 Ng6 13. Qc2 a6 14. g3 Qe8 15. a4 Nh7 16. Rfe1 Bd7 17. b5 axb5 18. axb5 Rxa1 19. Bxa1 Ng5 20. Bh5 Nh3+ 21. Kg2 Nhf4+ 22. gxf4 Nxf4+ 23. Kh1 Qxh5 24. Rg1 Kh7 25. f3 Rg8 26. Nf1 Qxf3+ 27. Rg2 Qxf1+ 28. Rg1 Qf3+ 29. Rg2 Bf6 0-1

[Event "LSS No Engine Cup 222 Preliminary 0"]
[Site "LSS email"]
[Date "2021.10.23"]
[Round "?"]
[White "Van Bommel, Ton"]
[Black "Reede, Arvo"]
[Result "1-0"]
[WhiteElo "2369"]
[BlackElo "1761"]
[PlyCount "24"]
[EventDate "2021.10.23"]
[EventType "tourn (corr)"]
[EventRounds "6"]
[EventCountry "GER"]
[SourceTitle "Corr 2024"]
[Source "ChessBase"]
[SourceDate "2023.10.19"]
[SourceVersion "1"]
[SourceVersionDate "2023.10.19"]
[SourceQuality "1"]

1. e4 c5 2. d4 e6 3. d5 d6 4. Nf3 Be7 5. Bd3 Nf6 6. c4 exd5 7. cxd5 Bg4 8. h3 Bh5 9. g4 Bg6 10. Nc3 h6 11. e5 dxe5 12. Bxg6 fxg6 1-0

[Event "LSS No Engine Cup 221 Preliminary 0"]
[Site "LSS email"]
[Date "2021.09.14"]
[Round "?"]
[White "Reede, Arvo"]
[Black "Obrien, Glenn"]
[Result "0-1"]
[WhiteElo "1794"]
[BlackElo "1707"]
[PlyCount "76"]
[EventDate "2021.09.14"]
[EventType "tourn (corr)"]
[EventRounds "6"]
[EventCountry "GER"]
[SourceTitle "Corr 2024"]
[Source "ChessBase"]
[SourceDate "2023.10.19"]
[SourceVersion "1"]
[SourceVersionDate "2023.10.19"]
[SourceQuality "1"]

1. d4 Nf6 2. c4 e6 3. Nc3 Bb4 4. Qc2 0-0 5. Bd2 d5 6. e3 c5 7. a3 Bxc3 8. Bxc3 cxd4 9. Bxd4 Nc6 10. Bc3 e5 11. cxd5 Qxd5 12. Rd1 Qc5 13. Nf3 Nd5 14. Be2 Nxc3 15. Qxc3 Qxc3+ 16. bxc3 Bg4 17. 0-0 e4 18. Nd4 Nxd4 19. Bxg4 Nb5 20. Rb1 Nxc3 21. Rxb7 f5 22. Bd1 Rfb8 23. Bb3+ Kh8 24. Rxb8+ Rxb8 25. Be6 Rb5 26. Re1 f4 27. exf4 Ra5 28. Ra1 Ne2+ 29. Kf1 Nxf4 30. Rb1 g5 31. Rb8+ Kg7 32. g3 Nxe6 33. Rb4 Nc5 34. Rc4 Kf6 35. Ke2 Ke5 36. f4+ gxf4 37. gxf4+ Kxf4 38. a4 h5 0-1

[Event "LSS ZL-2021-0-02321"]
[Site "LSS email"]
[Date "2021.05.28"]
[Round "?"]
[White "Reede, Arvo"]
[Black "Heiden, Markus"]
[Result "1-0"]
[WhiteElo "1528"]
[BlackElo "1123"]
[PlyCount "73"]
[EventDate "2021.04.12"]
[EventType "match (corr)"]
[EventRounds "2"]
[EventCountry "GER"]
[SourceTitle "Corr 2024"]
[Source "ChessBase"]
[SourceDate "2023.10.19"]
[SourceVersion "1"]
[SourceVersionDate "2023.10.19"]
[SourceQuality "1"]

1. d4 Nf6 2. c4 e6 3. Nf3 Bb4+ 4. Bd2 Bxd2+ 5. Nbxd2 d6 6. e3 Qe7 7. Be2 0-0 8. 0-0 Nbd7 9. Ng5 h6 10. Nge4 e5 11. Ng3 Rd8 12. Re1 Nf8 13. Qb3 Ng6 14. Rac1 c6 15. Bd3 Be6 16. Qa3 Qd7 17. Nf3 exd4 18. Nxd4 Nf8 19. Red1 g6 20. e4 h5 21. Qc3 Qe7 22. f4 Bg4 23. Re1 Re8 24. h3 Bd7 25. Nf3 N6h7 26. e5 Ne6 27. f5 Nf4 28. Qd4 Nxd3 29. Qxd3 Bxf5 30. Nxf5 gxf5 31. exd6 Qf6 32. d7 Red8 33. Rcd1 Nf8 34. Ne5 Ng6 35. Nxg6 fxg6 36. Qa3 b6 37. Rd6 1-0

[Event "OP-2021-0-05116"]
[Site "LSS email"]
[Date "2021.03.10"]
[Round "?"]
[White "Ederer, Karel"]
[Black "Reede, Arvo"]
[Result "1-0"]
[WhiteElo "2043"]
[BlackElo "1558"]
[PlyCount "77"]
[EventDate "2021.03.07"]
[EventType "tourn (corr)"]
[EventRounds "4"]
[EventCountry "GER"]
[SourceTitle "Corr 2024"]
[Source "ChessBase"]
[SourceDate "2023.10.19"]
[SourceVersion "1"]
[SourceVersionDate "2023.10.19"]
[SourceQuality "1"]

1. d4 Nf6 2. c4 e6 3. Nc3 d5 4. Bg5 Be7 5. e3 0-0 6. Nf3 h6 7. Bh4 c5 8. dxc5 Bxc5 9. cxd5 exd5 10. Bxf6 Qxf6 11. Qxd5 Bb4 12. Rc1 Nc6 13. a3 Be6 14. Qe4 Bf5 15. Qh4 g5 16. Qh5 Bxc3+ 17. Rxc3 Rac8 18. Be2 Ne5 19. Nd4 Nd3+ 20. Bxd3 Rxc3 21. bxc3 Bxd3 22. h4 Qa6 23. hxg5 Qxa3 24. Kd2 Be4 25. Rd1 Bg6 26. Qxh6 Qb2+ 27. Ke1 Qxc3+ 28. Kf1 a5 29. Qh3 Bc2 30. Nf5 Bxf5 31. Qxf5 Qb3 32. Rd6 Qc4+ 33. Kg1 Qc8 34. Qxa5 Qc2 35. Qe5 Qb1+ 36. Kh2 Qh7+ 37. Kg3 Qc2 38. Rh6 f6 39. gxf6 1-0

[Event "OP-2021-0-05116"]
[Site "LSS email"]
[Date "2021.03.10"]
[Round "?"]
[White "Reede, Arvo"]
[Black "Pauk, Jozef"]
[Result "1-0"]
[WhiteElo "1558"]
[BlackElo "600"]
[PlyCount "41"]
[EventDate "2021.03.07"]
[EventType "tourn (corr)"]
[EventRounds "4"]
[EventCountry "GER"]
[SourceTitle "Corr 2024"]
[Source "ChessBase"]
[SourceDate "2023.10.19"]
[SourceVersion "1"]
[SourceVersionDate "2023.10.19"]
[SourceQuality "1"]

1. d4 d5 2. Nf3 Bf5 3. Nc3 c6 4. Nh4 e6 5. Nxf5 exf5 6. Qd3 Ne7 7. Bg5 f6 8. Bd2 Na6 9. 0-0-0 g6 10. f3 Qd6 11. Kb1 Nc8 12. e4 Nb4 13. Qe3 Nb6 14. a3 a5 15. exd5+ Kd8 16. Re1 N4xd5 17. Qe8+ Kc7 18. Nxd5+ Qxd5 19. Bf4+ Bd6 20. Re7+ Nd7 21. Qxd7+ 1-0